Szczegóły MARC21

Leksykon VAT [Value Added Tax] 2000 : 800 praktycznych rad, wyjaśnień i interpretacji : omówienie zmian obowiązujących od 2000 roku : aktualne teksty ustawy oraz aktów wykonawczych /

005 -DATA I CZAS OSTATNIEJ MODYFIKACJI [,]
    • @
    • pole kontrolne
    • 20070315155141.9
020 -Międzynarod. znormalizowany nr książki - ISBN [ , ]
    • a
    • Numer ISBN
    • 8391107426 Find
040 -Instytucja sporządzająca opis [ , ]
    • a
    • Instytucja, która sporządziła opis (NP)
    • SZCZ U
    • c
    • Instytucja, która sporządziła rekord (NP)
    • SZCZ U
041 -Język dokumentu [0, ]
    • a
    • Język tekstu (P)
    • polski
    • h
    • Język tekstu oryginalnego i/lub pośredniego (P)
    • polski
942 -Rodzaj dokumentu [ , ]
    • c
    • Rodzaj dokumentu
    • Książka
100 -Hasło główne - nazwa osobowa [ , ]
    • a
    • Nazwa osobowa (NP)
    • ZUBRZYCKI, JANUSZ
245 -Strefa tytułu i oznaczenia odpowiedzialności [1, ]
    • a
    • Tytuł
    • Leksykon VAT [Value Added Tax] 2000 : Find
    • b
    • Ciąg dalszy tytułu (NP)
    • 800 praktycznych rad, wyjaśnień i interpretacji : omówienie zmian obowiązujących od 2000 roku : aktualne teksty ustawy oraz aktów wykonawczych / Find
    • c
    • Pozostałe elementy strefy tytułu i oznaczenia odpowiedzialności (NP)
    • Janusz Zubrzycki.
260 -Strefa adresu wydawniczego [ , ]
    • a
    • Miejsce wydania (P)
    • Wrocław :
    • b
    • Nazwa wydawcy (P)
    • "Unimex",
    • c
    • Data wydania (P)
    • 2000.
300 -Strefa opisu fizycznego [ , ]
    • a
    • Określenie formy książki i/lub objętość (NP)
    • 824 s. :
    • c
    • Format (NP)
    • 24 cm.
080 -Uniwersalna Klasyfikacja Dziesiętna [ , ]
    • a
    • Symbol klasyfikacji
    • 336.221.24(438)
080 -Uniwersalna Klasyfikacja Dziesiętna [ , ]
    • a
    • Symbol klasyfikacji
    • :336.226.322(438)
980 -Symbol UKD [ , ]
    • a
    • UKD
    • 336.221.24:336.226.322](438)
920 -ISBN [ , ]
    • a
    • ISBN
    • 83-911074-2-6 Find
Status udost. Numer inwentarzowy Sygnatura Lokalizacja Data inwentaryzacji
-3S.87609 BE2001-01-23
-3S.87610 BE2001-01-23
1Z.97192Z.97192BG2001-01-23
-2GW.611336(03)GW2015-09-04
-3T.3856 T2001-01-23
-3T.3857 T2001-01-23
-3T.5004 T2001-03-29